|
|
|
|
| LEADER |
00794nam a2200265 4500 |
| 001 |
DLU090067598 |
| 005 |
##20090504 |
| 040 |
# |
# |
|a DLU
|b eng
|
| 041 |
# |
# |
|a eng
|
| 044 |
# |
# |
|a US
|
| 100 |
# |
# |
|a Scott, David.
|
| 245 |
# |
# |
|a Rewalking Thoreau and Asia : 'light from the East' for 'a very Yankee sort of Oriental' /
|c David Scott.
|
| 653 |
# |
# |
|a Asian philosophy
|
| 653 |
# |
# |
|a Knowledge
|
| 653 |
# |
# |
|a Thoreau, Henry David, 1817-1862
|
| 773 |
# |
# |
|t Philosophy East and West
|g Vol. 57, no. 1 (Jan 2007), p. 14-39
|
| 920 |
# |
# |
|a Phòng Tạp chí -- Trung tâm Thông tin - Thư viện Trường Đại học Đà Lạt
|
| 994 |
# |
# |
|a DLU
|
| 900 |
# |
# |
|a True
|
| 911 |
# |
# |
|a Trương Bảo Trâm Anh
|
| 925 |
# |
# |
|a G
|
| 926 |
# |
# |
|a A
|
| 927 |
# |
# |
|a BB
|
| 980 |
# |
# |
|a Thư viện Trường Đại học Đà Lạt
|